000 00542nam a2200181Ia 4500
008 090123s9999 xx 000 0 und d
082 _b4457
100 _aभाजेकर आशा
245 _aअजब गजब मंडळ
250 _a1
260 _bमॅजेस्टिक प्रकाशन
_c1976
300 _a106
600 _aभाजेकर आशा
630 _aअजब गजब मंडळ
700 _aभाजेकर आशा
730 _aअजब गजब मंडळ
942 _cBOOK
999 _c42532
_d42532